| 000 | 02731nam a22003377a 4500 | ||
|---|---|---|---|
| 001 | TIC 0034 | ||
| 003 | gtcocun | ||
| 005 | 20250922174532.0 | ||
| 006 | a||||gr|||| 00| 0 | ||
| 007 | ta | ||
| 008 | 250922b2024 gt ||||| m||| 00| 0 eng d | ||
| 040 |
_agtcocun _bSPA _cgtcocun _eRDA |
||
| 041 | _aSPA TIC 0034 | ||
| 084 | _0TIC 0034 | ||
| 100 |
_aPacay Cac, William Alexander _eAutor |
||
| 245 |
_aINFORME FINAL DEL EJERCICIO PROFESIONAL SUPERVISADO, DISEÑO DE CAMINO RURAL CASERIO ESQUIPULAS SEYAXAB Y DISEÑO DE PUENTE VEHICULAR CASERIO YALIJUX, SENAHU, ALTA VERAPAZ./ _cWilliam Alexander Pacay Cac. _hImpreso |
||
| 264 |
_aCobán, Alta Verapaz: _bUniversidad de San Carlos de Guatemala, Centro Universitario del Norte, Ingenieria Civil _c2024 |
||
| 300 |
_a183 p.: _bIlustraciones, gráficas. _c28 cm; |
||
| 300 | _cPDF | ||
| 336 |
_2rdacontenido _aTexto _btxt |
||
| 337 |
_2rdamedio _aComputadora _bn |
||
| 338 |
_2rdasoporte _aCódigo en línea _bcr |
||
| 502 | _eTIC 0034 | ||
| 502 |
_aTesis de grado _bIngeniería Civil, _cUniversidad de San Carlos de Guatemala, Centro Universitario del Norte, Ingeniería Civil _d2024 _oTIC 0034 |
||
| 520 | 1 | 4 | _aEl presente informe de EPS, consta de dos proyectos, los cuales fueron asignados por la municipalidad de Senahú, los cuales fueron aprobados por el supervisor encargado de la carrera de Ingeniería. Para el primer proyecto debió a la necesidad de contar con una vía de acceso, se planifico el diseño de carretera que ayudará en la comunicación esencial para el desarrollo social y económico, el diseño se basó en las especificaciones de la Dirección General de Caminos de Guatemala, dicha carretera se categorizo de tipo rural, dadas las características topográficas del terreno se contempló cunetas naturales, cunetas revestidas, empedrado, drenajes transversales y empedrado. Para el segundo proyecto debido a la falta de un puente vehicular seguro donde los peatones y vehículos puedan circular sin ninguna problemática, se planifico el diseño de un puente vehicular, para su adecuada ubicación y economía el diseño se basó en las especificaciones que las normas ASSHTO y el código ACI sugiere. La realización de estos proyectos beneficiara a la población en el crecimiento económico, social y cultural, reduciendo los escases de infraestructura. |
| 650 | 1 | 4 |
_2LEMB _aSenahú, Alta Verapaz. _xIngeniería _xDiseño _xPlanificar _xCategorizar _xBeneficiar _xInfraestructura |
| 700 |
_aInga. Sindry Yaneth Pacay Morales _eAsesor |
||
| 856 |
_uhttps://drive.google.com/file/d/1apTjmO6DXlAOKrwcFqp9c1Yltb2hkHsq/view _yPDF _zUn ejemplar en línea. |
||
| 942 |
_2ddc _cTES _iTIC 0034 _kClasificación _n0 _6TIC_0034_000000000000000 |
||
| 999 |
_c2052 _d2052 |
||